000 01581nam a22002777a 4500
999 _c60565
_d60565
005 20230906115252.0
008 230906s2013 enk||||| |||| 00| 0 eng d
020 _a9789941107009
041 _aeng
080 _a94(479.22:4)(093) D-90
100 _aDundua, Tedo
_917376
245 _aGeorgia within the European integration :
_bGraeco-Roman world, Byzantine commonwealth, orthodox alliance a. the Georgians /
_cTedo Dundua ; [ed. Alrxander Boshishvili ; Ivane Javakhishvili Tbilisi State University, faculty of Humanities, Inst. of Georgian History].
264 _aTbilisi :
_bMeridiani,
_c 2013.
300 _a234 p. :
_b ill. ;
_c 20 cm.
500 _aბიბლიოგრ. ტექსტის შენიშვნ.
653 _aქართულ-ევროპული ურთიერთობების ისტორია
653 _aდოკუმენტური წყაროები
653 _aსაქართველო-ბიზანტიის ურთიერთობების ისტორია
653 _aკოლხეთის ისტორია.
653 _aბიზანტური ნუმიზმატიკა
653 _aსაქართველოს ნუმიზმატიკა
653 _aანტიკური ქვეყნების ნუმიზმატიკა
700 _aBoshishvili, Alexander
_eრედაქტორი
_919775
710 _aIvane Javakhishvili Tbilisi State University.
_dInst. of Georgian History.
_919776
942 _2udc
_cBK